00461nam a2200157Ia 4500003000900000008004100009040001600050080001600066100001700082245007200099260003500171300001400206650003200220650003200252650001900284IN-BaIIA211028s9999 xx 000 0 eng d cIIA Library a083:53bKRA aKramers, H.A 0aCollected scientific papers of h.a.kramerscHendrik Anthony Kramers aAmsterdambNorth-Hollandc1956 axi, 969p. aCollected works-H A Kramers aH A Kramers collected works aNASA thesaurus